| Tag |
First Indicator |
Second Indicator |
Subfields |
| LEADER |
00000cam a2200000 a 4500 |
| 001 |
in00000013317 |
| 005 |
20151007052359.0 |
| 008 |
870206s1987 nju b 00110beng |
| 010 |
|
|
|a 87002372
|
| 020 |
|
|
|a 0691094306 :
|c $35.00
|
| 035 |
|
|
|a (OCoLC)15221721
|
| 035 |
|
|
|9 AAA7531AM
|
| 040 |
|
|
|a DLC
|c DLC
|d TXA
|d UtOrBLW
|
| 043 |
|
|
|a e-uk---
|
| 049 |
|
|
|a TXAM
|c [A11040044]
|
| 050 |
0 |
0 |
|a HX696.O9
|b C55 1987
|
| 082 |
0 |
|
|a 335/.12/0924
|a B
|2 19
|
| 100 |
1 |
|
|a Claeys, Gregory.
|
| 245 |
1 |
0 |
|a Machinery, money, and the millennium :
|b from moral economy to socialism, 1815-1860 /
|c Gregory Claeys.
|
| 264 |
|
1 |
|a Princeton, N.J. :
|b Princeton University Press,
|c 1987.
|
| 300 |
|
|
|a xxx, 245 pages ;
|c 24 cm.
|
| 336 |
|
|
|a text
|b txt
|2 rdacontent
|
| 337 |
|
|
|a unmediated
|b n
|2 rdamedia
|
| 338 |
|
|
|a volume
|b nc
|2 rdacarrier
|
| 504 |
|
|
|a Bibliography: pages [223]-239.
|
| 500 |
|
|
|a Includes index.
|
| 536 |
|
|
|a Dr. Paul P. Van Riper Collection, Department of Political Science.
|
| 600 |
1 |
0 |
|a Owen, Robert,
|d 1771-1858.
|
| 650 |
|
0 |
|a Socialists
|z Great Britain
|v Biography.
|
| 650 |
|
0 |
|a Socialism
|z Great Britain
|x History.
|
| 650 |
|
0 |
|a Socialism
|x History.
|
| 999 |
|
|
|a MARS
|
| 999 |
f |
f |
|s 3109c0bc-191e-3590-b289-4cf4a090684d
|i b13ddd87-710b-3dc3-923b-3768dcad2102
|t 0
|
| 952 |
f |
f |
|p normal
|a Texas A&M University
|b College Station
|c Sterling C. Evans Library
|d Evans: Library Stacks
|t 0
|e HX696.O9 C55 1987
|h Library of Congress classification
|i unmediated -- volume
|m A14821128569
|
| 998 |
f |
f |
|a HX696.O9 C55 1987
|t 0
|l Evans: Library Stacks
|